| 000 | 00000nam##2200000za#4500 |
| 001 | 9.600751 |
| 003 | CaOODSP |
| 005 | 20210624205733 |
| 007 | cr ||||||||||| |
| 008 | 150406|1991||||xxc|||||o f|0| 0 fre|d |
| 040 | |aCaOODSP|bfre |
| 043 | |an-cn--- |
| 086 | 1 |aNH18-1-2/97-1991F-PDF |
| 110 | 2 |aSociété canadienne d'hypothèques et de logement. |
| 245 | 10|aAnalyse du rayonnement acoustique des thermopompes en milieu résidentiel et étude de faisabilité pour un dispositif de réduction de bruit : |h[ressource électronique]|brapport final / |cpréparé par Ramon Abonce et Pierre Lemieux. |
| 260 | |aOttawa - Ontario : |bSociété canadienne d'hypothèques et de logement |cJuin 1991. |
| 300 | |a220p.|bfigures, graphiques, références, tableaux |
| 490 | 1 |aRapport de recherche |
| 546 | |a(Summary in English.) |
| 590 | |a11-25-Supp|b2011-10-31 |
| 720 | 1 |aLemieux, Pierre |
| 720 | 1 |aAbonce, Ramon |
| 830 | #0|aResearch report (Société canadienne d'hypothèques et de logement : En ligne)|w(CaOODSP)9.502470 |
| 856 | 40|ahttp://publications.gc.ca|qPDF|s3.26 Mo|uhttps://publications.gc.ca/collections/collection_2011/schl-cmhc/nh18-1-2/NH18-1-2-97-1991-fra.pdf |